|
|
|
|
| LEADER |
02584nam a2200589 a 4500 |
| 001 |
nkc20081815842 |
| 003 |
CZ PrNK |
| 005 |
20170214235011.0 |
| 007 |
ta |
| 008 |
090109s2008 xr a e f 000 0 cze |
| 015 |
|
|
|a cnb001815842
|
| 020 |
|
|
|a 978-80-214-3711-1
|q (brož.)
|
| 035 |
|
|
|a (OCoLC)316674652
|
| 040 |
|
|
|a ABA001
|b cze
|
| 041 |
1 |
|
|a cze
|a eng
|h cze
|
| 043 |
|
|
|a e-xr---
|b e-xr-jm
|2 czenas
|
| 045 |
|
|
|a x1y0
|
| 072 |
|
7 |
|a 378
|x Vysoké školy
|2 Konspekt
|9 22
|
| 080 |
|
|
|a 378.6:62
|2 MRF
|
| 080 |
|
|
|a 72
|2 MRF
|
| 080 |
|
|
|a 378.14
|2 MRF
|
| 080 |
|
|
|a (437.322)
|2 MRF
|
| 080 |
|
|
|a (036)
|2 MRF
|
| 245 |
0 |
0 |
|a Fakulta architektury, Vysoké učení technické v Brně 1919-2009 :
|b 90 let vzdělávání architektů = Faculty of architecture, Brno University of Technology 1919-2009 : 90 years of educating architects /
|c [redakce Jiří Palacký, Kateřina Dokoupilová Pazderková]
|
| 246 |
3 |
1 |
|a Faculty of architecture, Brno University of Technology 1919-2009
|
| 260 |
|
|
|a Brno :
|b Vysoké učení technické v Brně, Fakulta architektury,
|c 2008
|
| 300 |
|
|
|a [29] s. :
|b il. (převážně barev.) ;
|c 25 cm
|
| 500 |
|
|
|a Názvy z obálky
|
| 500 |
|
|
|a 300 výt.
|
| 504 |
|
|
|a Obsahuje bibliografické odkazy
|
| 546 |
|
|
|a Souběžný anglický text tištěn zvratmo
|
| 610 |
2 |
7 |
|a Vysoké učení technické v Brně.
|b Fakulta architektury
|7 kn20010709415
|2 czenas
|
| 648 |
|
4 |
|a 1919-2009
|
| 650 |
0 |
7 |
|a vysoké technické školy
|7 ph127286
|z Česko
|y 20.-21. století
|2 czenas
|
| 650 |
0 |
7 |
|a architektura
|7 ph118586
|2 czenas
|
| 650 |
0 |
7 |
|a vysokoškolské studium
|7 ph127279
|z Česko
|y 20.-21. století
|2 czenas
|
| 650 |
0 |
9 |
|a technical universities
|z Czechia
|y 20th-21st centuries
|2 eczenas
|
| 650 |
0 |
9 |
|a architecture
|2 eczenas
|
| 650 |
0 |
9 |
|a college study
|z Czechia
|y 20th-21st centuries
|2 eczenas
|
| 651 |
|
7 |
|a Brno (Česko)
|7 ge134084
|2 czenas
|
| 651 |
|
9 |
|a Brno (Czechia)
|2 eczenas
|
| 655 |
|
7 |
|a informační publikace
|7 fd132454
|2 czenas
|
| 655 |
|
9 |
|a information publications
|2 eczenas
|
| 700 |
1 |
|
|a Palacký, Jiří,
|d 1975-
|7 mzk2007377505
|4 edt
|
| 700 |
1 |
|
|a Pazderková-Dokoupilová, Kateřina
|7 mzk2008486453
|4 edt
|
| 856 |
4 |
1 |
|u https://www.digitalniknihovna.cz/mzk/uuid/uuid:e43a4f10-b2ff-11e6-88f6-005056827e52
|y Digitalizovaný dokument
|x NDK
|
| 910 |
2 |
|
|a BOA001
|b 3-1217.539
|
| 990 |
|
|
|a BK
|
| 995 |
|
|
|a 01
|
| 991 |
|
|
|b 200901
|c NOV
|
| 996 |
6 |
|
|b 2610364589
|c 3-1217.539
|l MZK
|r Sklad / do 1 hodiny
|n 1
|p p.v.
|w 000925072
|u 000020
|a 1
|e BOA001
|j MZK50
|s P
|
| 996 |
7 |
|
|b 2610364590
|c 3-1217.539
|l MZK
|r Sklad / do 1 hodiny
|n 2
|p p.v.
|w 000925072
|u 000030
|a 1
|e BOA001
|j MZK50
|s A
|